• 首页
  • 本馆介绍
  • 公告通知
  • 最新文献
  • 馆藏检索
  • 电子资源
  • 读者导购
  • 参考咨询
  • 我的图书馆
  • 登录
  • 详细信息显示
  • 放入我的书架
  • 预约/预借图书
  • 作者相关作品
  • 分类相关作品
  • 丛书相关作品
  • 出版社相关作品

书目信息

  • 表格格式
  • 工作单格式
  • 卡片格式
题名:
隆美尔
    
 
作者: 欧文 著 ;江山 , 卜珍伟 译
分册:  
出版信息: 北京   解放军出版社  1984
页数: 656页
开本: 19cm
丛书名:
单 册:
中图分类: K835.165.2
科图分类:
主题词:
电子资源:
ISBN:
000 00674nam0 2200241 45
001 0184002071
005 20060518081724.42
010    @dCNY1.95
091    @a5185.31
100    @a19950628d1984 em y0chiy0121 ea
101 1  @achi@ceng
102    @aCN@b110000
105    @ay z 000yb
200 10 @a隆美尔@Along mei er@f(英)戴维·欧文著@F(ying)dai wei·ou wen zhu@g卜珍伟,江山译
210    @a北京@c解放军出版社@d1984
215    @a656页@d19cm
690    @aK835.165.2@v3
701  0 @a欧文@Aou wen@4著
702  0 @a江山@Ajiang shan@4译
702  0 @a卜珍伟@Abu zhen wei@4译
801  2 @aCN@bNLC@c20060518
801  0 @aCN@b上海图书馆@c20040511
905    @dK835.165.2@e148
    
    隆美尔/(英)戴维·欧文著/卜珍伟,江山译.-北京:解放军出版社,1984
    656页;19cm
    
    
    ISBN :CNY1.95
    
●
相关链接 在E读中查询图书 在五车中查询图书 在当当中查询图书 在豆瓣中查询图书


正题名:隆美尔     索取号:K835.165.2/148         预约/预借

序号 登录号 条形码 馆藏地/架位号 状态 备注
1 0162528   202336141   密集书库/ [索取号:K835.165.2/148] 在馆    
2 0162529   001543351   第二借阅区/ [索取号:K835.165.2/148] 在馆    
3 0162530   001543397   第二样本阅览室/ [索取号:K835.165.2/148] 在馆    
唐山师范学院图书馆 欢迎您!
大连网信软件有限公司© 版权所有